000
00425nam a2200145Ia 4500
008
090124s9999 xx 000 0 und d
082
_b
400756
245
_a
राजपुत्र राजीव
250
_a
1
260
_b
महाजन जगन्नाथ
_c
1978
300
_a
32
630
_a
राजपुत्र राजीव
730
_a
राजपुत्र राजीव
942
_c
BOOK
999
_c
196677
_d
196677